| 000 | 00872cam a2200265u 4500 | ||
|---|---|---|---|
| 001 | 29159 | ||
| 003 | BD-RjUL | ||
| 005 | 20211209051359.0 | ||
| 008 | 140402q19541925enkh 001 0 eng | ||
| 035 | _a(BD-RjUL)29244 | ||
| 040 |
_aDLC _cCarP _dDLC _dBD-RjUL _beng |
||
| 041 | _aeng | ||
| 051 |
_aBF891 _b.S3 Suppl. |
||
| 082 |
_a137.7 _bSAP 1954 |
||
| 100 | 1 |
_aSaudek, Robert, _d1880-1935. _989009 |
|
| 245 | 1 | 4 |
_aThe psychology of handwriting / _c Robert Saudek |
| 260 |
_aLondon : _bG. Allen & Unwin ltd., _c1925 [impression 1954] |
||
| 300 |
_axii, 288p. [4] ; _c25 cm. |
||
| 500 | _aAccompanied by : Illustrated supplement (7 p. : xlviii facsim. ; 23 cm.) [London : G. Allen & Unwin ltd., 1925]. Call number: BF891.S3 Suppl. | ||
| 504 | _aIncludes index. | ||
| 650 | 0 |
_aGraphology. _988846 |
|
| 942 |
_2ddc _cBK |
||
| 999 |
_c29159 _d29159 |
||